Βία Κατα των Γυναικων / Ανοχή Μηδέν Πρακτικά (Record no. 1971)
[ view plain ]
| 000 -LEADER | |
|---|---|
| fixed length control field | 01699cam a22001934a 4500 |
| 005 - ΗΜΕΡΟΜΗΝΙΑ ΚΑΙ ΩΡΑ ΤΕΛΕΥΤΑΙΑΣ ΕΝΗΜΕΡΩΣΗΣ | |
| Πεδίο ελέγχου | 20250605164025.0 |
| 008 - FIXED-LENGTH DATA ELEMENTS--GENERAL INFORMATION | |
| Πεδίο ελέγχου σταθερού μήκους | 250528s ||||||||||||||||||||||||d |
| 035 ## - SYSTEM CONTROL NUMBER | |
| System control number | 16476 |
| 040 ## - ΠΗΓΗ ΚΑΤΑΛΟΓΟΓΡΑΦΗΣΗΣ | |
| Φορέας πρωτότυπης καταλογογράφησης | MC Athens Campus Library |
| Γλώσσα καταλογογράφησης | Ελληνικά, Μοντέρνα (1453-) |
| Modifying agency | MC Athens Campus Library |
| Κανόνες περιγραφικής καταλογογράφησης | AACR2 |
| 245 1# - ΤΙΤΛΟΣ ΚΑΙ ΔΗΛΩΣΗ ΥΠΕΥΘΥΝΟΤΗΤΑΣ | |
| Τίτλος | Βία Κατα των Γυναικων / Ανοχή Μηδέν Πρακτικά |
| 260 ## - PUBLICATION, DISTRIBUTION, ETC. | |
| Name of publisher, distributor, etc. | Δημοκρατική Κίνηση Γυναικών, |
| Date of publication, distribution, etc. | 2000 |
| 300 ## - PHYSICAL DESCRIPTION | |
| Extent | 192 |
| 520 ## - SUMMARY, ETC. | |
| Summary, etc. | Επιτροπή για την καταπολέμηση της Ανδρικής βιάς κατά των Γυναικών. Εισαγωγή στο Θέμα του Συνεδρίου, Η Πολιτική της Ευρωπαϊκής Ένωσης, Ανοχή Μηδέν, Καμία Μορφή Βίας δεν Γίνεται Δεκτή - Απόλυτη Προτεραιότητα στην Εξάλειψη της, Σεξιστικές και Ρατσιστικές Πρακτικές δεν Είναι Ανεκτές καθώς και οποιαδήποτε Μορφή Διακρίσεων ή Προκαταλήψεων, Η Ταυτότητα του Προβλήματος, Βία στην Οικογένεια, Βία στο Χώρο Εργασίας, Πορνεία, Σεξουαλική Εκμετάλευση (Εμπόριο) Γυναικών, Εμπλεκόμενοι Παράγοντες, Μέσα Μαζικής Ενημέρωσης, Τρόποι Χρήσης των ΜΜΕ προς Όφελος του Επιδιωκόμενου Στόχου, Νέες Τεχνολογίες, Συζήτηση. |
| 700 1# - ΠΡΟΣΘΕΤΗ ΑΝΑΓΡΑΦΗ--ΦΥΣΙΚΟ ΠΡΟΣΩΠΟ | |
| Personal name | Κωσταβάρα Άλκηστις |
| 9 (RLIN) | 2569 |
| 700 1# - ΠΡΟΣΘΕΤΗ ΑΝΑΓΡΑΦΗ--ΦΥΣΙΚΟ ΠΡΟΣΩΠΟ | |
| Personal name | Παπαγεωργίου Σοφία |
| 9 (RLIN) | 2570 |
| 942 ## - ADDED ENTRY ELEMENTS (KOHA) | |
| Koha item type | Books |
| Τύπος τεκμηρίου | Βιβλιοθήκη | Τρέχουσα τοποθεσία | Barcode | Αριθμός εισαγωγής | Ημερομηνία απόκτησης | Ταξιθετικό σύμβολο | Αριθμός αντιτύπου | Κατάσταση απόσυρσης | Κατάσταση χαμένου | Κατάσταση κατεστραμμένου | Μη δανεισμός | Σύνολο δανεισμών | Ημερομηνία τελευταίας εμφάνισης | Η τιμή ισχύει από |
|---|---|---|---|---|---|---|---|---|---|---|---|---|---|---|
| Books | MC Athens Campus Library | MC Athens Campus Library | 9780000019707 | 4180 | 05/06/2025 | 364.1530945 KDG | 1 | 05/06/2025 | 05/06/2025 |